Регионална библиотека "Любен Каравелов" - Русе

На път за олтара (Запис номер 490607)

MARC детайли
000 -Лидер
Лидер 01363nam a2200301 a 4500
003 - Код на организацията, давaща контролен номер
Код на организацията, даваща контролен номер BLK
005 - Дата и час на последна редакция
Дата и час на последна редакция 20250505110730.0
008 - Елементи от данни с фиксирана дължина
Елементи с фиксирана дължина 230712b bu ||||| |||| 00| | bu d
020 ## - Международен стандартен номер на книга ISBN
ISBN 9786191573998
040 ## - Източник на каталожния запис
Код на библиотеката BLK
041 ## - Код за език
Език Български
Език за КДБФ Български
080 ## - УДК
УДК текст Американска литература (на САЩ)
УДК код 821.111(73)
УДК – определител -31
УДК – код + определител 821.111(73)-31
100 1# - Редна дума - Автор
Автор Куин, Джулия
Пълна форма на името Потингър, Джули
Години, свързани с автора 1970 -
R(LIN) 85351
245 ## - Сведения за заглавието
Заглавие На път за олтара
Авторска отговорност Джулия Куин ; прев. от англ. Диана Кутева.
260 ## - Област на издателските данни
9 (RLIN) 213219
Място на издаване София
Име на издателя Ибис
Година на издаване 2023
Издателство - префикс ISBN 978-619-157- ; 978-954-9321-
300 ## - Физическа характеристика
Брой страници 448 с.
Размер 21 см
380 ## - Жанр
Жанр Худож. лит.
490 ## - СЕРИИ (Колекции)
9 (RLIN) 480121
Серия Поредица Бриджъртън
Номер в серията Кн. 8
500 ## - Общи забележки
Обща забележка Ориг. загл.: On the way to the Wedding/ Julia Quinn. - Джулия Куин - псевд. на авт. Джули Потингър. - Биогр. данни за авт. - Кн. 8 от поредицата Бриджъртън.
700 1# - Други автори (авторска отговорност)
Друг автор Кутева, Диана Янакиева
Дати, свързани с автора 1955 -
9 (RLIN) 85939
852 ## - Местоположение
Отдел Заемна - подръчен фонд
Систематично-азбучна сигнатура 821-31/К 93 Д
852 ## - Местоположение
Отдел Хранилище
Сигнатура (форматна) Цб 318738
856 ## - Електронен адрес и достъп
Инструкция (цена за достъп) 0.00
Права за достъп disable
942 ## - АРТИКУЛИ
Вид на библиотечния документ Книги
Скрит в OPAC Не
Периодичен библиозапис Да
Koha issues (borrowed), all copies 62
944 ## - СЪЗДАВАНЕ И РЕДАКЦИЯ на ЗАПИСА
Създаване/Редакция Създаване
Дата на регистрацията/редакция 2022-08-27
Служител, извършил регистрацията/редакцията 30531
Номер на служител Цветелина Шанова
944 ## - СЪЗДАВАНЕ И РЕДАКЦИЯ на ЗАПИСА
Създаване/Редакция Редакция
Дата на регистрацията/редакция 2023-074-12
Служител, извършил регистрацията/редакцията ГГГ
999 ## - СИСТЕМНИ КОНТРОЛНИ НОМЕРА
Koha biblionumber 490607
Koha biblioitemnumber 490607
Наличности
Код за отписване Код за изгубен артикул Източник на класификационната схема Код за повреда Коз за рестрикции Код за отдаване Артикулен № Име на библиотеката - собственик Име на библиотеката, в която се намира в момента Статус (Текущо местоположение) Дата на вписване в системата Местоположение - отдел Цена в лева Инвентарен номер Систематично азбучна сигнатура Баркод Цена в евро Служебен тип на артикула
  Не е изгубен Universal Decimal Classification Не е повреден без рестрикции заемане за дома 927539 Регионална библиотека "Любен Каравелов" Русе Регионална библиотека "Любен Каравелов" Русе Заемна - подръчен фонд 2023-04-26 Заемна - подръчен фонд 13.42 120000886723 821-31/К 93 Д 120000886723 6.86 Книги
  Не е изгубен Universal Decimal Classification Не е повреден без рестрикции заемане за дома 927540 Регионална библиотека "Любен Каравелов" Русе Регионална библиотека "Любен Каравелов" Русе Заемна - подръчен фонд 2023-04-26 Заемна - подръчен фонд 13.42 120000886722 821-31/К 93 Д 120000886722 6.86 Книги
  Не е изгубен Universal Decimal Classification Не е повреден само за читалня ползва се в читалня 930502 Регионална библиотека "Любен Каравелов" Русе Регионална библиотека "Любен Каравелов" Русе Хранилище 2023-07-17 Хранилище 17.90 120000889727 Цб 318738 120000889727 9.15 Книги
  Не е изгубен Universal Decimal Classification Не е повреден   заемане за дома 957587 Регионална библиотека "Любен Каравелов" Русе Регионална библиотека "Любен Каравелов" Русе Заемна - подръчен фонд 2025-01-07 Заемна - подръчен фонд 17.90 120000916374 821-31/К 93 Д 120000916374 9.15 Книги
Vip Innovations Ltd, Rousse, Bulgaria 2025